Vyhliadka a vinárstvo, Pezinok
Na minha lista:
| Autor principal: | |
|---|---|
| Outros Autores: | |
| Formato: | Manuscrito Livro |
| Idioma: | eslovaco |
| Publicado em: |
2024
|
| Assuntos: | |
| Acesso em linha: | http://is.stuba.sk/zp/portal_zp.pl?podrobnosti=162038 |
| Tags: |
Sem tags, seja o primeiro a adicionar uma tag!
|
MARC
| LEADER | 00000ntm a22000003a 4500 | ||
|---|---|---|---|
| 001 | stuzp98590 | ||
| 003 | SK-STU | ||
| 005 | 20240615211055.4 | ||
| 007 | ta | ||
| 008 | 150427s2015----xo-----f-mn---000-0-slo-d | ||
| 040 | |a STU |b slo | ||
| 041 | 0 | |a slo | |
| 100 | 1 | |a Szabóová, Patrícia |u 053130 |4 aut |U FAD Fakulta architektúry a dizajnu |T FAD Ústav dejín a teórie architektúry a obnovy pamiatok |X 110296 |U A3130 |Y 394 |7 110296 | |
| 242 | 0 | 1 | |a Lookout Point and Winery, Pezinok |y eng |
| 245 | 1 | 0 | |a Vyhliadka a vinárstvo, Pezinok |
| 260 | |c 2024 | ||
| 650 | 4 | |a Vinárstvo |2 slo | |
| 650 | 4 | |a vyhliadka |2 slo | |
| 650 | 4 | |a Pezinok |2 slo | |
| 650 | 4 | |a návrh |2 slo | |
| 650 | 4 | |a Malokarpatské múzeum |2 slo | |
| 650 | 4 | |a Winery |2 eng | |
| 650 | 4 | |a Lookout |2 eng | |
| 650 | 4 | |a Pezinok |2 eng | |
| 650 | 4 | |a design |2 eng | |
| 650 | 4 | |a Carpathian museum |2 eng | |
| 700 | 1 | |a Polomová, Beata |u 053130 |k Z8 |4 ths |U FAD Fakulta architektúry a dizajnu |T FAD Ústav dejín a teórie architektúry a obnovy pamiatok |X 4781 |U A3130 |Y 394 |7 A000004781 | |
| 856 | 4 | |u http://is.stuba.sk/zp/portal_zp.pl?podrobnosti=162038 | |